A szkepszis dicsérete Odo Marquard és az "inkompetenciátkompenzáló-kompetencia" filozófiája /

Elmentve itt :
Bibliográfiai részletek
Szerző: Balogh László Levente
További közreműködők: Marquard Odo
Dokumentumtípus: Könyv része
Megjelent: Pro Philosophia Szegediensi Alapítvány, Magyar Filozófiai Társaság, Státus Szeged 2024
Sorozat:Lábjegyzetek Platónhoz 21
A kétely 21
Kulcsszavak:Szkepticizmus, Filozófia - német - 20-21. sz.
Tárgyszavak:
Online Access:http://acta.bibl.u-szeged.hu/89286
LEADER 00986naa a2200241 i 4500
001 acta89286
005 20251213131331.0
008 251213s2024 hu o 000 hun d
020 |a 978-615-5727-08-5 
022 |a 1785-7082 
040 |a SZTE Egyetemi Kiadványok Repozitórium  |b hun 
041 |a hun 
100 1 |a Balogh László Levente 
245 1 2 |a A szkepszis dicsérete   |h [elektronikus dokumentum] :  |b Odo Marquard és az "inkompetenciátkompenzáló-kompetencia" filozófiája /  |c  Balogh László Levente 
260 |a Pro Philosophia Szegediensi Alapítvány, Magyar Filozófiai Társaság, Státus  |b Szeged  |c 2024 
300 |a 337-349 
490 0 |a Lábjegyzetek Platónhoz  |v 21 
490 0 |a A kétely  |v 21 
650 4 |a Bölcsészettudományok 
650 4 |a Filozófia, etika és vallástudományok 
695 |a Szkepticizmus, Filozófia - német - 20-21. sz. 
700 0 1 |a Marquard Odo 
856 4 0 |u http://acta.bibl.u-szeged.hu/89286/1/platonhoz_021_337-349.pdf  |z Dokumentum-elérés